<?xml version="1.0" encoding="UTF-8"?>
<record
    xmlns:xsi="http://www.w3.org/2001/XMLSchema-instance"
    xsi:schemaLocation="http://www.loc.gov/MARC21/slim http://www.loc.gov/standards/marcxml/schema/MARC21slim.xsd"
    xmlns="http://www.loc.gov/MARC21/slim">

  <leader>01751nam a22002417a 4500</leader>
  <datafield tag="999" ind1=" " ind2=" ">
    <subfield code="c">7138</subfield>
    <subfield code="d">7138</subfield>
  </datafield>
  <controlfield tag="003">DO-SdBJH</controlfield>
  <controlfield tag="005">20221018142155.0</controlfield>
  <controlfield tag="008">221018b           ||||| |||| 00| 0 spa d</controlfield>
  <datafield tag="040" ind1=" " ind2=" ">
    <subfield code="a">DO-SdBJH</subfield>
    <subfield code="b">spa</subfield>
    <subfield code="c">DO-SdBJH</subfield>
  </datafield>
  <datafield tag="090" ind1=" " ind2=" ">
    <subfield code="a">TG EGEMERD</subfield>
    <subfield code="b">01861 2020</subfield>
  </datafield>
  <datafield tag="100" ind1="1" ind2=" ">
    <subfield code="a">Castillo Castillo, Hilton Ambiorix</subfield>
    <subfield code="e">sustentante</subfield>
  </datafield>
  <datafield tag="245" ind1="1" ind2="0">
    <subfield code="a">Preparaci&#xF3;n f&#xED;sica militar de los miembros de la Primera Brigada de Infanter&#xED;a del Ej&#xE9;rcito de Rep&#xFA;blica Dominicana: importancia, ejecuci&#xF3;n y evaluaci&#xF3;n, per&#xED;odo 2019 / </subfield>
    <subfield code="c"> Hilton Ambiorix Castillo Castillo, Euri Alberto Brujan Garc&#xED;a, asesores Juan Bautista Medina Mateo, Yocasta Mu&#xF1;oz</subfield>
  </datafield>
  <datafield tag="260" ind1=" " ind2=" ">
    <subfield code="a">Santo Domingo Este :</subfield>
    <subfield code="b">INSUDE, </subfield>
    <subfield code="c">2020</subfield>
  </datafield>
  <datafield tag="300" ind1=" " ind2=" ">
    <subfield code="a">xxxii, 80 p&#xE1;ginas</subfield>
  </datafield>
  <datafield tag="502" ind1=" " ind2=" ">
    <subfield code="a">Tesis (Diplomado en Comando y Estado Mayor) -- Instituto Superior para la Defensa (INSUDE). &#x2013; Escuela de Graduados de Estudios Militares del Ej&#xE9;rcito de Rep&#xFA;blica Dominicana &#x201C;Mayor General Ramiro Matos Gonz&#xE1;lez&#x201D;, 2020</subfield>
  </datafield>
  <datafield tag="504" ind1=" " ind2=" ">
    <subfield code="a">Incluye referencias bibliogr&#xE1;ficas e &#xED;ndices</subfield>
  </datafield>
  <datafield tag="505" ind1=" " ind2=" ">
    <subfield code="a">Bases te&#xF3;ricas que orientan el ejercicio f&#xED;sico y su importancia en el contexto militar. -- Fundamentos de la preparaci&#xF3;n f&#xED;sica militar de manera organizada en el ejercicio de Rep&#xFA;blica Dominicana. -- Resultados obtenidos por los miembros de la primera Brigada de Infanter&#xED;a del Ej&#xE9;rcito de Rep&#xFA;blica Dominicana a trav&#xE9;s de la preparaci&#xF3;n f&#xED;sica, 2019  </subfield>
  </datafield>
  <datafield tag="700" ind1="1" ind2=" ">
    <subfield code="a">Brujan Garc&#xED;a, Euri Alberto </subfield>
    <subfield code="e">sustentante</subfield>
  </datafield>
  <datafield tag="700" ind1="1" ind2=" ">
    <subfield code="a">Medina Mateo, Juan Bautista </subfield>
    <subfield code="e">asesor</subfield>
  </datafield>
  <datafield tag="700" ind1="1" ind2=" ">
    <subfield code="a">Mu&#xF1;oz, Yocasta </subfield>
    <subfield code="e">asesor</subfield>
  </datafield>
  <datafield tag="830" ind1=" " ind2=" ">
    <subfield code="a">INSUDE.  Escuela de Graduados de Estudios Militares del Ej&#xE9;rcito de Rep&#xFA;blica Dominicana &#x201C;Mayor General Ramiro Matos Gonz&#xE1;lez&#x201D;.  Tesis y disertaciones acad&#xE9;micas</subfield>
  </datafield>
  <datafield tag="942" ind1=" " ind2=" ">
    <subfield code="2">CL</subfield>
    <subfield code="c">T</subfield>
  </datafield>
  <datafield tag="952" ind1=" " ind2=" ">
    <subfield code="0">0</subfield>
    <subfield code="1">0</subfield>
    <subfield code="2">CL</subfield>
    <subfield code="4">0</subfield>
    <subfield code="7">1</subfield>
    <subfield code="8">TG</subfield>
    <subfield code="a">BJHA</subfield>
    <subfield code="b">BJHA</subfield>
    <subfield code="d">2022-10-18</subfield>
    <subfield code="i">01861</subfield>
    <subfield code="l">0</subfield>
    <subfield code="o">TG EGEMERD 01861 2020</subfield>
    <subfield code="p">01861</subfield>
    <subfield code="r">2022-10-18 00:00:00</subfield>
    <subfield code="t">e.1</subfield>
    <subfield code="w">2022-10-18</subfield>
    <subfield code="y">T</subfield>
  </datafield>
</record>
